[Event "Saint John op-1"]
[Site "Saint John CAN"]
[Date "1988.??.??"]
[Round "?"]
[White "Nogueiras, Jesus"]
[Black "Barlov, Dragan"]
[Result "1/2-1/2"]
[WhiteElo "2560"]
[BlackElo "2520"]
[PlyCount "34"]
[GameId "2160767912587254"]
[EventDate "1988.01.24"]
[EventType "swiss"]
[EventRounds "9"]
[EventCountry "CAN"]
[SourceTitle "CBM 006"]
[Source "ChessBase"]
[SourceDate "2004.01.01"]
[SourceVersion "1"]
[SourceVersionDate "2004.01.01"]
[SourceQuality "1"]

1. d4 Nf6 2. Nf3 c5 3. d5 d6 4. c4 g6 5. Nc3 Bg7 6. e4 O-O 7. Bd3 e6 8. h3 exd5 9. exd5 Re8+ 10. Be3 Nh5 11. O-O Nd7 12. Qd2 f5 13. Bg5 Ndf6 14. Rae1 Bd7 15. Bh6 Rxe1 16. Rxe1 Bxh6 17. Qxh6 Qf8 1/2-1/2

[Event "Saint John op-1"]
[Site "Saint John CAN"]
[Date "1988.??.??"]
[Round "?"]
[White "Nogueiras, Jesus"]
[Black "Shamkovich, Leonid"]
[Result "1-0"]
[WhiteElo "2560"]
[BlackElo "2435"]
[PlyCount "71"]
[GameId "2160767912587259"]
[EventDate "1988.01.24"]
[EventType "swiss"]
[EventRounds "9"]
[EventCountry "CAN"]
[SourceTitle "CBM 006"]
[Source "ChessBase"]
[SourceDate "2004.01.01"]
[SourceVersion "1"]
[SourceVersionDate "2004.01.01"]
[SourceQuality "1"]

1. d4 d5 2. c4 c6 3. Nc3 Nf6 4. Nf3 dxc4 5. a4 Bf5 6. e3 Na6 7. Bxc4 Nb4 8. O-O e6 9. a5 Be7 10. Ne5 O-O 11. Qe2 Bc2 12. Na2 Nxa2 13. Qxc2 Nb4 14. Qb3 Nd7 15. Nxf7 Kxf7 16. Bxe6+ Ke8 17. Bd2 c5 18. Bxb4 cxb4 19. Rfc1 Bd6 20. Qd5 Qe7 21. a6 Rd8 22. axb7 Rf6 23. Bh3 Qf7 24. Qe4+ Qe7 25. Qxh7 Nb6 26. Rxa7 Bb8 27. Ra6 Qxb7 28. Qg8+ Ke7 29. Qxg7+ Rf7 30. Qg5+ Rf6 31. Qb5 Kf7 32. Qh5+ Kf8 33. Ra5 Ke7 34. Qh7+ Rf7 35. Qh4+ Rf6 36. Re5+ 1-0

[Event "Saint John op-1"]
[Site "Saint John CAN"]
[Date "1988.??.??"]
[Round "?"]
[White "O'Donnell, Tom"]
[Black "Birnboim, Nathan"]
[Result "1/2-1/2"]
[WhiteElo "2340"]
[BlackElo "2465"]
[PlyCount "90"]
[GameId "2160767912587260"]
[EventDate "1988.01.24"]
[EventType "swiss"]
[EventRounds "9"]
[EventCountry "CAN"]
[SourceTitle "CBM 06"]

1. e4 c5 2. c3 d5 3. exd5 Qxd5 4. d4 Nf6 5. Nf3 Bg4 6. Be2 cxd4 7. cxd4 e6 8. O-O Nc6 9. h3 Bh5 10. Nc3 Qa5 11. Be3 Be7 12. Qb3 Qb4 13. Qc2 O-O 14. a3 Qd6 15. Rfd1 Rfd8 16. b4 Bg6 17. Qb3 Nd5 18. Nxd5 exd5 19. b5 Na5 20. Qa4 b6 21. Bd2 Rdc8 22. Rdc1 Qe6 23. Ne5 Bd6 24. Bxa5 Bxe5 25. dxe5 Qxe5 26. Bf3 Bc2 27. Qb4 Be4 28. Bxe4 dxe4 29. Re1 e3 30. fxe3 bxa5 31. Qxa5 Rc2 32. Rad1 h6 33. Rd2 Rxd2 34. Qxd2 Qxb5 35. Qc3 Rd8 36. Qb4 Qd3 37. Qc5 a6 38. Qe7 Rb8 39. Rf1 Qg6 40. Qe5 Rf8 41. Rf4 Qc6 42. Rg4 f6 43. Qe7 Rf7 44. Qd8+ Kh7 45. Qd3+ f5 1/2-1/2

[Event "Saint John op-1"]
[Site "Saint John CAN"]
[Date "1988.??.??"]
[Round "?"]
[White "O'Donnell, Tom"]
[Black "Foisor, Ovidiu"]
[Result "1-0"]
[WhiteElo "2340"]
[BlackElo "2495"]
[PlyCount "63"]
[GameId "2160767912587261"]
[EventDate "1988.01.24"]
[EventType "swiss"]
[EventRounds "9"]
[EventCountry "CAN"]
[SourceTitle "CBM 006"]
[Source "ChessBase"]
[SourceDate "2004.01.01"]
[SourceVersion "1"]
[SourceVersionDate "2004.01.01"]
[SourceQuality "1"]

1. e4 e6 2. d4 d5 3. Nd2 Nf6 4. e5 Nfd7 5. f4 c5 6. c3 Nc6 7. Ndf3 Qb6 8. g3 cxd4 9. cxd4 Bb4+ 10. Kf2 g5 11. fxg5 Ndxe5 12. Nxe5 Nxe5 13. Kg2 Nc6 14. Nf3 Bf8 15. b3 Bg7 16. Bb2 Bd7 17. Qd2 a5 18. Be2 a4 19. Bc3 h6 20. bxa4 Rxa4 21. Rab1 Qa7 22. Bb5 Rxd4 23. Nxd4 Nxd4 24. Bxd7+ Kxd7 25. Rb4 Nf5 26. Bxg7 Nxg7 27. Rhb1 Rb8 28. Qb2 Qe3 29. Rxb7+ Rxb7 30. Qxb7+ Kd6 31. Qb8+ Kc6 32. Rc1+ 1-0

[Event "Saint John op-1"]
[Site "Saint John CAN"]
[Date "1988.??.??"]
[Round "?"]
[White "O'Donnell, Tom"]
[Black "Garcia, Gildardo"]
[Result "1-0"]
[WhiteElo "2340"]
[BlackElo "2430"]
[PlyCount "161"]
[GameId "2160767912587262"]
[EventDate "1988.01.24"]
[EventType "swiss"]
[EventRounds "9"]
[EventCountry "CAN"]
[SourceTitle "CBM 06"]

1. e4 e5 2. Nf3 Nc6 3. Bb5 a6 4. Bxc6 dxc6 5. O-O Bg4 6. h3 h5 7. d3 Qf6 8. Nbd2 Ne7 9. Re1 Ng6 10. d4 Bd6 11. hxg4 hxg4 12. Nh2 Rxh2 13. Qxg4 Rh4 14. Qf5 Ne7 15. Qxf6 gxf6 16. dxe5 fxe5 17. g3 Rg4 18. Nf1 O-O-O 19. f3 Rg6 20. Be3 f5 21. Bf2 Rf8 22. Kg2 Rgf6 23. Nd2 Ng6 24. exf5 Rxf5 25. Re4 Rg5 26. Be3 Nf4+ 27. Bxf4 exf4 28. g4 Rd5 29. Re2 Be5 30. Ne4 Bxb2 31. Rh1 Bd4 32. Rh7 Be3 33. g5 Rd1 34. Kh2 Rd7 35. Rh6 Re7 36. Re1 Rg8 37. Rh5 b6 38. Kh3 Re5 39. Kg4 a5 40. Rd1 a4 41. Rh7 Kb7 42. Rdd7 Ka6 43. Rxc7 Kb5 44. c3 Rd5 45. Rhd7 Re5 46. Nd6+ Kc5 47. Nf7 Ree8 48. Rd6 Kb5 49. Rdxc6 Bc5 50. Nd6+ Bxd6 51. Rxd6 Re2 52. c4+ Kb4 53. Rxb6+ Ka3 54. Kxf4 Rg2 55. Rc5 Kxa2 56. Ra5 a3 57. Rba6 Kb2 58. Rxa3 R2xg5 59. R3a5 Rg1 60. Rf5 Rc1 61. Rc6 Kc3 62. c5 Kc4 63. Re6 Kb5 64. Rb6+ Kc4 65. c6 Rc8 66. Rf6 Kc5 67. Rb2 Rc3 68. Rd2 Kb6 69. Rdd6 Rg8 70. Rg6 Rh8 71. Kg4 Rh1 72. f4 Rc4 73. Rd3 Rg1+ 74. Rg3 Rf1 75. Rf6 Kc7 76. Kg5 Kd8 77. f5 Re1 78. Rg4 Rc2 79. Kg6 Ke8 80. Kg7 Ke7 81. Rgg6 1-0

[Event "Saint John op-1"]
[Site "Saint John CAN"]
[Date "1988.??.??"]
[Round "?"]
[White "O'Donnell, Tom"]
[Black "Vidarsson, Jon"]
[Result "1/2-1/2"]
[WhiteElo "2340"]
[BlackElo "2305"]
[PlyCount "43"]
[GameId "2160767912587263"]
[EventDate "1988.01.24"]
[EventType "swiss"]
[EventRounds "9"]
[EventCountry "CAN"]
[SourceTitle "CBM 006"]
[Source "ChessBase"]
[SourceDate "2004.01.01"]
[SourceVersion "1"]
[SourceVersionDate "2004.01.01"]
[SourceQuality "1"]

1. e4 e5 2. Nf3 Nc6 3. Bb5 a6 4. Bxc6 dxc6 5. O-O f6 6. d4 exd4 7. Nxd4 c5 8. Nb3 Qxd1 9. Rxd1 Bg4 10. f3 Be6 11. Be3 b6 12. Nc3 Ne7 13. Bf4 Rc8 14. a4 Nc6 15. Nd5 Ne5 16. Nd2 Bxd5 17. exd5 Nf7 18. a5 b5 19. c4 Bd6 20. Be3 bxc4 21. Nxc4 Rb8 22. Rab1 1/2-1/2

[Event "Saint John op-1"]
[Site "Saint John CAN"]
[Date "1988.??.??"]
[Round "?"]
[White "Perenyi, Bela"]
[Black "Ermenkov, Evgenij"]
[Result "1-0"]
[WhiteElo "2370"]
[BlackElo "2480"]
[PlyCount "99"]
[GameId "2160767912583169"]
[EventDate "1988.01.24"]
[EventType "swiss"]
[EventRounds "9"]
[EventCountry "CAN"]
[SourceTitle "CBM 06"]

1. e4 d5 2. exd5 Qxd5 3. Nc3 Qa5 4. Bc4 c6 5. Nf3 Nf6 6. h3 Bf5 7. O-O e6 8. Qe2 Nbd7 9. d3 Be7 10. Bf4 Nd5 11. Bxd5 cxd5 12. Nd4 Bg6 13. Rfe1 Nf6 14. Nxe6 fxe6 15. Qxe6 Ng8 16. Bg5 Bf7 17. Qe5 O-O-O 18. Qf5+ Rd7 19. Bxe7 Nh6 20. Qg5 Bg6 21. b4 Qa6 22. b5 Qa5 23. Nxd5 Qxb5 24. Bd6 Nf5 25. Ne7+ Rxe7 26. Bxe7 Qc6 27. Re5 Qd7 28. Rae1 b6 29. Qg4 Re8 30. Qc4+ Kb7 31. Qe4+ Qc6 32. Rxf5 Qxe4 33. dxe4 Rxe7 34. Rd5 Bf7 35. Rd6 Bxa2 36. e5 a5 37. f4 Bc4 38. Red1 a4 39. Rd7+ Rxd7 40. Rxd7+ Ka6 41. f5 a3 42. e6 Bb5 43. Rd8 Ka5 44. e7 a2 45. Ra8+ Ba6 46. e8=Q a1=Q+ 47. Kh2 Qc3 48. Qe2 b5 49. Qe6 Qc7+ 50. Kh1 1-0

[Event "Saint John op-1"]
[Site "Saint John CAN"]
[Date "1988.??.??"]
[Round "?"]
[White "Perenyi, Bela"]
[Black "Garcia, Gildardo"]
[Result "1/2-1/2"]
[WhiteElo "2370"]
[BlackElo "2430"]
[PlyCount "134"]
[GameId "2160767912583170"]
[EventDate "1988.01.24"]
[EventType "swiss"]
[EventRounds "9"]
[EventCountry "CAN"]
[SourceTitle "CBM 06"]

1. e4 e5 2. Nf3 Nc6 3. Bb5 a6 4. Ba4 Nf6 5. O-O Nxe4 6. d4 b5 7. Bb3 d5 8. dxe5 Be6 9. c3 Bc5 10. Bf4 g5 11. Be3 Bxe3 12. fxe3 g4 13. Nd4 Nxe5 14. Nd2 Nxd2 15. Qxd2 Qg5 16. a4 Nc4 17. Bxc4 bxc4 18. Nxe6 fxe6 19. Qd4 Rf8 20. Rxf8+ Kxf8 21. Qh8+ Qg8 22. Rf1+ Ke7 23. Qe5 Kd7 24. e4 Rf8 25. Rd1 Qf7 26. Qd4 Kd6 27. exd5 exd5 28. Qxc4 Qf2+ 29. Kh1 c6 30. Qxa6 Re8 31. Qf1 Qxf1+ 32. Rxf1 Re2 33. Rb1 Rc2 34. Kg1 c5 35. a5 Kc6 36. a6 Kb6 37. Ra1 Ka7 38. Rd1 Kxa6 39. Rxd5 Kb6 40. Rg5 Rxb2 41. Rxg4 Rc2 42. Rh4 Rxc3 43. Kf2 Rd3 44. Rxh7 c4 45. Ke2 Rd8 46. g4 c3 47. Rh3 Rd2+ 48. Ke1 Rc2 49. Rg3 Kc5 50. h3 Kc4 51. Rf3 Rh2 52. Rf8 Rh1+ 53. Ke2 c2 54. Rc8+ Kb3 55. h4 c1=Q 56. Rxc1 Rxc1 57. Ke3 Kc4 58. Ke4 Re1+ 59. Kf5 Kd5 60. h5 Kd6 61. Kf6 Rf1+ 62. Kg7 Ke7 63. h6 Rf7+ 64. Kg6 Rf4 65. g5 Kf8 66. Kh7 Rg4 67. g6 Rg1 1/2-1/2

[Event "Saint John op-1"]
[Site "Saint John CAN"]
[Date "1988.??.??"]
[Round "?"]
[White "Perenyi, Bela"]
[Black "Georgiev, Krum"]
[Result "0-1"]
[WhiteElo "2370"]
[BlackElo "2490"]
[PlyCount "88"]
[GameId "2160767912583171"]
[EventDate "1988.01.24"]
[EventType "swiss"]
[EventRounds "9"]
[EventCountry "CAN"]
[SourceTitle "CBM 06"]

1. e4 c5 2. Nf3 d6 3. d4 cxd4 4. Nxd4 Nf6 5. Nc3 a6 6. Be3 Nc6 7. Qd2 e6 8. f3 Be7 9. g4 O-O 10. O-O-O Nxd4 11. Bxd4 b5 12. g5 Nd7 13. h4 Bb7 14. Kb1 Qc7 15. h5 b4 16. Ne2 d5 17. g6 e5 18. h6 fxg6 19. hxg7 Rxf3 20. Bg2 dxe4 21. Qh6 Nf6 22. Be3 Rd8 23. Rdg1 Bd6 24. Bh3 Bc8 25. Bb6 Rxh3 26. Rxh3 Qxb6 27. Rhh1 Bf5 28. Ng3 Bc5 29. Nxf5 Bxg1 30. Ne7+ Kf7 31. g8=Q+ Nxg8 32. Qxh7+ Ke6 33. Qxg6+ Nf6 34. Rxg1 Kxe7 35. Rh1 Ke6 36. Qh6 Qf2 37. Qh3+ Qf5 38. Qb3+ Nd5 39. a3 Qf3 40. Rh6+ Kf5 41. Qc4 b3 42. cxb3 Qd3+ 43. Ka2 Qxc4 44. bxc4 Nf6 0-1

[Event "Saint John op-1"]
[Site "Saint John CAN"]
[Date "1988.??.??"]
[Round "?"]
[White "Perenyi, Bela"]
[Black "Kristensen, Bjarke"]
[Result "1-0"]
[WhiteElo "2370"]
[BlackElo "2300"]
[PlyCount "57"]
[GameId "2160767912583172"]
[EventDate "1988.01.24"]
[EventType "swiss"]
[EventRounds "9"]
[EventCountry "CAN"]
[SourceTitle "CBM 06"]

1. e4 c6 2. d4 d5 3. Nc3 dxe4 4. Nxe4 Nd7 5. Bc4 Ndf6 6. Ng3 h5 7. Nf3 Bg4 8. Ne5 e6 9. f3 h4 10. fxg4 hxg3 11. h3 Bd6 12. Qe2 Qe7 13. O-O Bxe5 14. Qxe5 Rd8 15. c3 b5 16. Bb3 c5 17. Qxc5 Qxc5 18. dxc5 Ne4 19. Be3 Rd3 20. Rfe1 Ngf6 21. Bc2 Rd5 22. Rad1 O-O 23. g5 Rxd1 24. Rxd1 Nd5 25. Bxe4 Nxe3 26. Rd3 Nc4 27. c6 Ne5 28. Rd4 Rc8 29. c7 1-0

[Event "Saint John op-1"]
[Site "Saint John CAN"]
[Date "1988.??.??"]
[Round "?"]
[White "Perenyi, Bela"]
[Black "Popovic, Petar"]
[Result "0-1"]
[WhiteElo "2370"]
[BlackElo "2570"]
[PlyCount "88"]
[GameId "2160767912583173"]
[EventDate "1988.01.24"]
[EventType "swiss"]
[EventRounds "9"]
[EventCountry "CAN"]
[SourceTitle "CBM 06"]

1. e4 c5 2. Nf3 d6 3. d4 cxd4 4. Nxd4 Nf6 5. Nc3 Nc6 6. Be3 e5 7. Ndb5 a6 8. Na3 Rb8 9. Nd5 Nxd5 10. exd5 Ne7 11. c3 Nf5 12. Bd2 Be7 13. g3 O-O 14. Bg2 Bd7 15. O-O g6 16. Re1 h5 17. Rc1 Re8 18. b4 Rc8 19. c4 Bf8 20. c5 dxc5 21. Nc4 cxb4 22. Nxe5 Rxc1 23. Qxc1 Bb5 24. Qb2 Qd6 25. Kh1 Qc5 26. f4 Qf2 27. Qc1 Bd6 28. Nd3 Rxe1+ 29. Bxe1 Qxa2 30. Nxb4 Qe2 31. Bd2 h4 32. Na2 hxg3 33. Nc3 Qh5 34. h3 Bd3 35. Qe1 Qh6 36. Ne4 Bxe4 37. Qxe4 Qg7 38. Qe1 Qd4 39. Qe8+ Bf8 40. Qe1 b5 41. Be4 Nh4 42. Qe3 Qc4 43. Qe1 b4 44. f5 g2+ 0-1

[Event "Saint John op-1"]
[Site "Saint John CAN"]
[Date "1988.??.??"]
[Round "?"]
[White "Piasetski, Leon"]
[Black "Basanta, Gary"]
[Result "1-0"]
[WhiteElo "2390"]
[BlackElo "2215"]
[PlyCount "83"]
[GameId "2160767912583175"]
[EventDate "1988.01.24"]
[EventType "swiss"]
[EventRounds "9"]
[EventCountry "CAN"]
[SourceTitle "CBM 006"]
[Source "ChessBase"]
[SourceDate "2004.01.01"]
[SourceVersion "1"]
[SourceVersionDate "2004.01.01"]
[SourceQuality "1"]

1. Nf3 Nf6 2. c4 e6 3. Nc3 b6 4. e4 Bb4 5. e5 Ng8 6. d4 Bb7 7. Bd3 c5 8. dxc5 bxc5 9. O-O Bxc3 10. bxc3 Ne7 11. Ng5 Qc7 12. f4 h5 13. Rb1 g6 14. Qb3 Bc6 15. Be3 Na6 16. Qa3 Qc8 17. Bxc5 Nxc5 18. Qxc5 Qd8 19. Be4 O-O 20. Bxc6 Nxc6 21. Ne4 Kg7 22. Nf6 Qa5 23. Qxa5 Nxa5 24. c5 Rfc8 25. Rb5 Nc4 26. Ne4 Ne3 27. Rfb1 Nd5 28. g3 f5 29. Nd6 Nxc3 30. Nxc8 Nxb5 31. Nd6 Nxd6 32. cxd6 Kf7 33. Rb7 Ke8 34. Kg2 a5 35. Kh3 a4 36. a3 g5 37. fxg5 Ra5 38. g6 Kf8 39. Rxd7 Rxe5 40. Rc7 Rd5 41. d7 Ke7 42. g7 1-0

[Event "Saint John op-1"]
[Site "Saint John CAN"]
[Date "1988.??.??"]
[Round "?"]
[White "Piasetski, Leon"]
[Black "Foisor, Ovidiu"]
[Result "1/2-1/2"]
[WhiteElo "2390"]
[BlackElo "2495"]
[PlyCount "105"]
[GameId "2160767912583177"]
[EventDate "1988.01.24"]
[EventType "swiss"]
[EventRounds "9"]
[EventCountry "CAN"]
[SourceTitle "CBM 006"]
[Source "ChessBase"]
[SourceDate "2004.01.01"]
[SourceVersion "1"]
[SourceVersionDate "2004.01.01"]
[SourceQuality "1"]

1. Nf3 Nf6 2. c4 c5 3. e3 e6 4. d4 d5 5. cxd5 exd5 6. Be2 Nc6 7. O-O cxd4 8. Nxd4 Bd6 9. Nc3 O-O 10. Ncb5 Bb8 11. b3 Re8 12. Bb2 a6 13. Nxc6 bxc6 14. Nc3 Qd6 15. g3 Bh3 16. Re1 Ba7 17. Bf3 Rad8 18. Rc1 c5 19. Ba3 Qe5 20. Na4 d4 21. exd4 Qf5 22. Rxe8+ Rxe8 23. Bc6 Ng4 24. Qf3 Qxf3 25. Bxf3 cxd4 26. Nc5 h5 27. Nd3 Ne5 28. Be4 Nd7 29. Re1 Nf6 30. Bb7 Rxe1+ 31. Nxe1 a5 32. Bc1 Bf5 33. Ba6 Nd5 34. Bd2 Nc3 35. a4 Bc5 36. Bc4 Kf8 37. Kf1 Ke7 38. Nd3 Bd6 39. Nf4 g6 40. Bxc3 dxc3 41. Nd5+ Kd7 42. Nxc3 f6 43. Nd5 Be5 44. b4 axb4 45. Nxb4 Kd6 46. Bd3 Bh3+ 47. Ke2 g5 48. Bb5 Bg4+ 49. Ke3 Bc3 50. Nd3 Kd5 51. f3 Bc8 52. h4 Bf5 53. Be8 1/2-1/2

[Event "Saint John op-1"]
[Site "Saint John CAN"]
[Date "1988.??.??"]
[Round "?"]
[White "Piasetski, Leon"]
[Black "Georgiev, Krum"]
[Result "1-0"]
[WhiteElo "2390"]
[BlackElo "2490"]
[PlyCount "115"]
[GameId "2160767912583178"]
[EventDate "1988.01.24"]
[EventType "swiss"]
[EventRounds "9"]
[EventCountry "CAN"]
[SourceTitle "CBM 006"]
[Source "ChessBase"]
[SourceDate "2004.01.01"]
[SourceVersion "1"]
[SourceVersionDate "2004.01.01"]
[SourceQuality "1"]

1. Nf3 Nf6 2. c4 g6 3. Nc3 Bg7 4. d4 O-O 5. Bg5 d6 6. e3 Nbd7 7. h3 c6 8. Be2 a6 9. O-O b5 10. a3 Bb7 11. Rc1 bxc4 12. Bxc4 c5 13. dxc5 Nxc5 14. Bxf6 Bxf6 15. Bd5 Bxd5 16. Qxd5 a5 17. b4 e6 18. Qc4 axb4 19. axb4 Nd7 20. Nb5 d5 21. Qc6 Rb8 22. Nc7 Rxb4 23. Nxe6 fxe6 24. Qxe6+ Kg7 25. Qxd5 Ne5 26. Rfd1 Qxd5 27. Rxd5 Nxf3+ 28. gxf3 Bh4 29. Rd7+ Kh6 30. Rcc7 Rh8 31. Rc2 Bd8 32. Kg2 Bb6 33. f4 Rf8 34. Kf3 Rb3 35. Kg4 Rb5 36. Rb7 Rb4 37. Re7 Bd8 38. Rd7 Bb6 39. Re7 Rb1 40. Rb7 Rf6 41. Rc8 Bxe3 42. Rxb1 Rxf4+ 43. Kg3 Rxf2 44. Rb7 Ra2 45. Rcc7 Bg1 46. Rxh7+ Kg5 47. h4+ Kf6 48. Rhf7+ Ke6 49. Rbe7+ Kd6 50. Re8 Bh2+ 51. Kh3 Be5 52. Rf1 Rh2+ 53. Kg4 Rg2+ 54. Kf3 Rg3+ 55. Kf2 Rg4 56. Rd1+ Bd4+ 57. Kf3 Rxh4 58. Re4 1-0

[Event "Saint John op-1"]
[Site "Saint John CAN"]
[Date "1988.??.??"]
[Round "?"]
[White "Popovic, Petar"]
[Black "Borkowski, Franciszek"]
[Result "0-1"]
[WhiteElo "2570"]
[BlackElo "2415"]
[PlyCount "88"]
[GameId "2160767912583179"]
[EventDate "1988.01.24"]
[EventType "swiss"]
[EventRounds "9"]
[EventCountry "CAN"]
[SourceTitle "CBM 06"]

1. e4 d6 2. d4 Nf6 3. Nc3 g6 4. g3 Bg7 5. Bg2 O-O 6. Nge2 e5 7. h3 Nc6 8. Be3 Re8 9. O-O Bd7 10. d5 Ne7 11. Qd2 b5 12. b4 c6 13. dxc6 Bxc6 14. Rfd1 a5 15. a4 axb4 16. Nxb5 Qa5 17. Nxd6 Red8 18. Qe1 Qa6 19. a5 Nc8 20. Nxc8 Rdxc8 21. f3 Bb5 22. Rd2 Bf8 23. Qf2 Ne8 24. Nc1 Nd6 25. Rd5 Rc3 26. Nd3 b3 27. Qe1 Rac8 28. Nc5 Rxe3 29. Qxe3 b2 30. Rb1 Qa7 31. Qf2 Bc4 32. Nd3 Qxf2+ 33. Nxf2 Bxd5 34. exd5 Rxc2 35. Nd3 Nc4 36. Bf1 Ba3 37. a6 Nd2 38. Ne1 Rc1 39. a7 Bc5+ 40. Kg2 Rxb1 41. a8=Q+ Kg7 42. d6 Rxe1 43. Bd3 b1=Q 44. Bxb1 Rg1+ 0-1

[Event "Saint John op-1"]
[Site "Saint John CAN"]
[Date "1988.??.??"]
[Round "?"]
[White "Popovic, Petar"]
[Black "Ilic, Zoran S"]
[Result "1/2-1/2"]
[WhiteElo "2570"]
[BlackElo "2360"]
[PlyCount "110"]
[GameId "2160767912583182"]
[EventDate "1988.01.24"]
[EventType "swiss"]
[EventRounds "9"]
[EventCountry "CAN"]
[SourceTitle "CBM 006"]
[Source "ChessBase"]
[SourceDate "2004.01.01"]
[SourceVersion "1"]
[SourceVersionDate "2004.01.01"]
[SourceQuality "1"]

1. e4 c5 2. Nf3 Nc6 3. d4 cxd4 4. Nxd4 Qb6 5. Nb3 Nf6 6. Nc3 e6 7. Bd3 Be7 8. O-O a6 9. Kh1 d6 10. f4 Qc7 11. Bd2 O-O 12. Qe2 b5 13. a3 Bb7 14. Rae1 b4 15. axb4 Nxb4 16. Nb5 axb5 17. Bxb4 e5 18. Bxb5 Nxe4 19. Bd3 d5 20. Bxe7 Qxe7 21. fxe5 Rac8 22. Na5 Ba8 23. Bxe4 dxe4 24. Nc4 Qc5 25. b3 Rc7 26. Qg4 Re8 27. Qf4 h6 28. h3 Bc6 29. Re3 Re6 30. Rd1 Bd5 31. Nd6 Bc6 32. Nc4 Bd5 33. Rxe4 Bxe4 34. Rd8+ Kh7 35. Qxe4+ Rg6 36. Rd6 Re7 37. Kh2 Ra7 38. Qd4 Qxd4 39. Rxd4 Ra1 40. Rd2 Rc6 41. Kg3 Rc1 42. Kf3 Re1 43. Re2 Rxe2 44. Kxe2 Kg6 45. Kd3 Kf5 46. b4 Ke6 47. Kd4 Ra6 48. Na5 Ra8 49. Nb7 Kd7 50. Nc5+ Kc6 51. e6 Rd8+ 52. Ke4 fxe6 53. Nxe6 Rd2 54. Nxg7 Rxg2 55. Nf5 Rh2 1/2-1/2

[Event "Saint John op-1"]
[Site "Saint John CAN"]
[Date "1988.??.??"]
[Round "?"]
[White "Rajna, George"]
[Black "Basanta, Gary"]
[Result "1-0"]
[WhiteElo "2495"]
[BlackElo "2215"]
[PlyCount "79"]
[GameId "2160767912583183"]
[EventDate "1988.01.24"]
[EventType "swiss"]
[EventRounds "9"]
[EventCountry "CAN"]
[SourceTitle "CBM 006"]
[Source "ChessBase"]
[SourceDate "2004.01.01"]
[SourceVersion "1"]
[SourceVersionDate "2004.01.01"]
[SourceQuality "1"]

1. d4 c5 2. d5 Nf6 3. Nc3 b5 4. Nxb5 Qa5+ 5. Nc3 Bb7 6. Bd2 Qb6 7. e4 e6 8. Qf3 exd5 9. exd5 Nxd5 10. Bc4 Nf6 11. Qe2+ Be7 12. Nf3 d5 13. Bb5+ Nbd7 14. O-O Qe6 15. Qxe6 fxe6 16. Ng5 d4 17. Na4 e5 18. Ne6 Kf7 19. Ng5+ Ke8 20. Rfe1 a6 21. Bc4 Bd5 22. Bxd5 Nxd5 23. Nf3 Bd6 24. Nxe5 Bxe5 25. Nxc5 N5f6 26. Nxd7 Kxd7 27. Rxe5 Rab8 28. b3 Rhc8 29. Rc1 Rc6 30. c4 dxc3 31. Bxc3 Rbc8 32. Re3 Nd5 33. Rd1 Rc5 34. Bxg7 Kc6 35. Re6+ Kb5 36. g3 Nb4 37. a4+ Ka5 38. Kg2 Nd5 39. Bd4 Rg8 40. b4+ 1-0

[Event "Saint John op-1"]
[Site "Saint John CAN"]
[Date "1988.??.??"]
[Round "?"]
[White "Rajna, George"]
[Black "Sherzer, Alex"]
[Result "1-0"]
[WhiteElo "2495"]
[BlackElo "2330"]
[PlyCount "111"]
[GameId "2160767912583184"]
[EventDate "1988.01.24"]
[EventType "swiss"]
[EventRounds "9"]
[EventCountry "CAN"]
[SourceTitle "CBM 006"]
[Source "ChessBase"]
[SourceDate "2004.01.01"]
[SourceVersion "1"]
[SourceVersionDate "2004.01.01"]
[SourceQuality "1"]

1. d4 Nf6 2. Nf3 c5 3. d5 d6 4. Nc3 g6 5. e4 Bg7 6. Bb5+ Nfd7 7. a4 Na6 8. O-O O-O 9. Re1 Nc7 10. Bf1 a6 11. Bf4 b6 12. Qd2 Bb7 13. Bh6 e5 14. dxe6 Bxh6 15. Qxh6 fxe6 16. Rad1 Qe7 17. Bc4 Ne5 18. Nxe5 dxe5 19. Qe3 Rad8 20. Rxd8 Rxd8 21. f3 Rd4 22. b3 Qd8 23. Bd3 a5 24. Ne2 Rd7 25. Nc1 Ba6 26. Qe2 Qg5 27. g3 Bb7 28. Qf2 Ba6 29. h4 Qd8 30. Qe2 Bb7 31. Qe3 Rf7 32. Kg2 Qd4 33. Qe2 Qc3 34. Rf1 Rd7 35. Rf2 Kg7 36. Bc4 Qa1 37. Nd3 Ba6 38. Bxa6 Nxa6 39. Nxe5 Rd1 40. Rf1 Rxf1 41. Qxf1 Qxf1+ 42. Kxf1 Nb4 43. c3 Na2 44. Nc4 g5 45. hxg5 Nxc3 46. Nxb6 Kg6 47. Nc4 Kxg5 48. Nxa5 h5 49. Ke1 e5 50. Nc4 Kf6 51. Kd2 Na2 52. Nb2 Nb4 53. Nd3 Na6 54. Kc3 Ke6 55. Kc4 Kd6 56. a5 1-0

[Event "Saint John op-1"]
[Site "Saint John CAN"]
[Date "1988.??.??"]
[Round "?"]
[White "Rodriguez, Daniel Mauricio"]
[Black "Fong, Juan"]
[Result "1-0"]
[WhiteElo "2465"]
[BlackElo "2220"]
[PlyCount "43"]
[GameId "2160767912583187"]
[EventDate "1988.01.24"]
[EventType "swiss"]
[EventRounds "9"]
[EventCountry "CAN"]
[SourceTitle "CBM 006"]
[Source "ChessBase"]
[SourceDate "2004.01.01"]
[SourceVersion "1"]
[SourceVersionDate "2004.01.01"]
[SourceQuality "1"]

1. e4 c5 2. Nf3 d6 3. c3 Nf6 4. Be2 g6 5. O-O Bg7 6. d3 O-O 7. h3 Nc6 8. Be3 b5 9. Qc1 Re8 10. Bh6 Bh8 11. Ng5 a6 12. Qf4 Ra7 13. Nd2 Bg7 14. Qh4 e6 15. f4 Qe7 16. Bxg7 Kxg7 17. e5 dxe5 18. fxe5 Nxe5 19. Rxf6 Qxf6 20. Rf1 Nf3+ 21. Rxf3 Qe5 22. Qxh7+ 1-0

[Event "Saint John op-1"]
[Site "Saint John CAN"]
[Date "1988.??.??"]
[Round "?"]
[White "Rodriguez, Daniel Mauricio"]
[Black "Perenyi, Bela"]
[Result "0-1"]
[WhiteElo "2465"]
[BlackElo "2370"]
[PlyCount "80"]
[GameId "2160767912583188"]
[EventDate "1988.01.24"]
[EventType "swiss"]
[EventRounds "9"]
[EventCountry "CAN"]
[SourceTitle "CBM 006"]
[Source "ChessBase"]
[SourceDate "2004.01.01"]
[SourceVersion "1"]
[SourceVersionDate "2004.01.01"]
[SourceQuality "1"]

1. e4 c5 2. Ne2 d6 3. g3 g6 4. Bg2 Bg7 5. O-O Nc6 6. c3 e5 7. d3 Nf6 8. h3 O-O 9. d4 exd4 10. cxd4 Nd7 11. dxc5 dxc5 12. Nbc3 Nde5 13. Nd5 c4 14. Qc2 Be6 15. Bd2 Rc8 16. Bc3 Bxd5 17. exd5 Ne7 18. Nf4 Nf5 19. Rfe1 Re8 20. Rad1 b5 21. Ne6 Qd6 22. Nxg7 Nxg7 23. Qe4 f6 24. Qf4 b4 25. Bd4 Nf5 26. Bxa7 Re7 27. Bd4 c3 28. bxc3 bxc3 29. Bxe5 Rxe5 30. Rf1 c2 31. Rc1 Qc5 32. Kh1 Qd4 33. Qf3 Rc3 34. Qg4 Qxg4 35. hxg4 Nd4 36. d6 Kf8 37. f4 Ree3 38. d7 Ke7 39. Kh2 Kxd7 40. Bd5 Ne2 0-1